| 000 | 01646 a2200253 4500 | ||
|---|---|---|---|
| 001 | 45823 | ||
| 005 | 20260407155730.0 | ||
| 008 | 260407a2006 arg spa d | ||
| 003 | AR-UNSa-BCEJYS | ||
| 040 |
_aAR-UNSa-BCEJYS _bspa _cAR-UNSa-BCEJYS |
||
| 080 |
_a331.5(82) _xMercado de Trabajo. Empleo en Argentina |
||
| 245 | 1 | 0 |
_aInstituciones laborales y políticas activas de promoción del empleo en la Argentina _pUna investigación de FIEL en cooperación con la fundación Konrad Adenauer |
| 020 | _a978-987-9329-23-8 | ||
| 264 | 1 |
_aBuenos Aires : _bFIEL (Fundación de Investigaciones Económicas Latinoamericanas) _c2006 |
|
| 300 |
_a184 p. _c23 cm. |
||
| 505 | _aParte I: El mercado de trabajo en la Argentina. Instituciones y desempeño: 1. Evolución reciente del mercado laboral argentino – 2. Las instituciones laborales en la Argentina y la experiencia comparada – 3. Organización institucional y desempeño de los mercados de trabajo ¿A quién protege la regulación? – Parte II: Las políticas de empleo: 4. Las políticas de promoción del empleo en la experiencia internacional – 5. Evaluación de las políticas activas de empleo – 6. Historias recientes de los programas de empleo en la Argentina – 7. Situación actual de las políticas de empleo en la Argentina – Parte III: Conclusiones y recomendaciones generales - | ||
| 041 | _aspa | ||
| 942 | _cBK | ||
| 590 | _aniveau_biblio:m niveau_hierar:0 | ||
| 100 | 1 | _aBour, Juan Luis | |
| 700 | 1 | _aAuguste, Sebastián | |
| 700 | 1 | _aSusmel, Nuria | |
| 856 | 4 | 1 |
_uhttps://www.biblioeco.unsa.edu.ar/pmb/images/libros/L127194.jpg _yImagen de portada _qimage/jpeg |
| 999 |
_c4012 _d4012 |
||